000 00344 a2200157 4500
001 63935
020 _a8571131880 (broch.)
040 _cAnchieta - Pituba
100 _aOrlandi, Eni Puccinelli
240 1 0 _aInterpretação
_lpor
245 1 0 _aInterpretação
300 _a156p.
362 0 _a2004
650 4 _aSemântica
942 _cBK
999 _c63935
_d63935